Pick the Austrian city - Statistics

General Stats
  • This quiz has been taken 18 times
  • The average score is 5 of 14
Answers on the Grid
Answers color-coded by a green-red scale on the quiz's grid according to % correct below.
Liezen
Eisenerz
Dachau
Krieglach
Chur
Mattighofen
Strobl
Memmingen
Erding
Wels
Davos
Ruhpolding
Kaprun
Schladming
Weiz
Pressbaum
Gföhl
Singen
Uster
Glarus
Fischamend
Fulda
Celle
Klagenfurt
Bremen
Tulln
Basel
Grandson
 
Answer Stats
Answer % Correct
Klagenfurt
63%
Wels
56%
Schladming
44%
Liezen
38%
Strobl
38%
Tulln
38%
Eisenerz
31%
Kaprun
31%
Mattighofen
31%
Weiz
31%
Gföhl
25%
Pressbaum
25%
Fischamend
19%
Krieglach
19%
No matching quizzes found
Score Distribution
Percent of People with Each Score
Percentile by Number Answered
Your Score History
You have not taken this quiz